Location for rubber (Hevea brasiliensis) cultivation. (Planting notes. 2) (Record no. 62244)
[ view plain ]
| 000 -LEADER | |
|---|---|
| fixed length control field | 00321nam a2200109Ia 4500 |
| 245 #0 - TITLE STATEMENT | |
| Title | Location for rubber (Hevea brasiliensis) cultivation. (Planting notes. 2) |
| 260 ## - PUBLICATION, DISTRIBUTION, ETC. (IMPRINT) | |
| Name of publisher | Rubber Board Bulletin |
| Year of publication | 1962-63 |
| 300 ## - PHYSICAL DESCRIPTION | |
| Number of Pages | 23-25 |
| 650 ## - SUBJECT ADDED ENTRY--TOPICAL TERM | |
| Topical Term | Planting practices |
| 942 ## - ADDED ENTRY ELEMENTS (KOHA) | |
| Koha item type | Journals |
| Withdrawn status | Lost status | Damaged status | Not for loan | Home library | Current library | Shelving location | Date acquired | Serial Enumeration / chronology | Koha item type |
|---|---|---|---|---|---|---|---|---|---|
| Journals | RRII Library | RRII Library | Agronomy | 17/12/2021 | Volume 6, Issue | Journals |